[Event "Bogota El Tablazo op-B"]
[Site "Bogota"]
[Date "2022.06.25"]
[Round "3.20"]
[White "Ramirez, Francisco Javier"]
[Black "Acosta, Jaime"]
[Result "1-0"]
[WhiteElo "1836"]
[BlackElo "1407"]
[PlyCount "73"]
[EventDate "2022.06.24"]
[EventType "swiss"]
[EventRounds "7"]
[EventCountry "COL"]
[SourceTitle "EXT 2024"]
[Source "ChessBase"]
[SourceDate "2023.10.10"]
[SourceVersion "1"]
[SourceVersionDate "2023.10.10"]
[SourceQuality "1"]

1. e4 e5 2. Nf3 Nf6 3. Nc3 Nc6 4. a3 d5 5. exd5 Nxd5 6. Bb5 Nxc3 7. Bxc6+ bxc6 8. bxc3 Bd6 9. 0-0 Bg4 10. h3 Bh5 11. Re1 Qf6 12. d4 Bxf3 13. Qxf3 Qxf3 14. gxf3 f6 15. f4 Kf7 16. fxe5 fxe5 17. dxe5 Bc5 18. Kg2 Ke6 19. a4 Rhf8 20. Be3 Be7 21. f4 c5 22. c4 Rab8 23. Rab1 a6 24. Kg3 g6 25. h4 Rb4 26. Rxb4 cxb4 27. Rd1 c6 28. Rh1 Rf5 29. Kg4 Rf8 30. h5 Rg8 31. hxg6 Rxg6+ 32. Kf3 Rg7 33. Rh6+ Kd7 34. f5 Kc7 35. f6 Rf7 36. Ke4 Bd8 37. Kf5 1-0

[Event "COL Subzt 2.3.4"]
[Site "Risarald"]
[Date "2021.11.23"]
[Round "1"]
[White "Acosta, Jaime"]
[Black "Garcia, Juan Manuel"]
[Result "0-1"]
[WhiteElo "1429"]
[BlackElo "1904"]
[PlyCount "82"]
[EventDate "2021.11.23"]
[EventType "swiss"]
[EventRounds "9"]
[EventCountry "COL"]
[SourceTitle "CBM 205 Extra"]
[Source "ChessBase"]
[SourceDate "2022.01.31"]
[SourceVersion "1"]
[SourceVersionDate "2022.01.31"]
[SourceQuality "1"]

1. d4 g6 2. Bf4 Bg7 3. c3 d6 4. Nf3 Nd7 5. Nbd2 e5 6. dxe5 Nxe5 7. h3 Ne7 8. e4 0-0 9. Be2 Kh8 10. Nxe5 dxe5 11. Be3 Be6 12. Nb3 b6 13. Qc2 c5 14. Rd1 Qc7 15. 0-0 Rad8 16. Rxd8 Rxd8 17. Rd1 f5 18. Rxd8+ Qxd8 19. Bg5 h6 20. Bxe7 Qxe7 21. exf5 gxf5 22. c4 Qg5 23. Qd2 f4 24. Kf1 e4 25. Qd6 Bf5 26. Qb8+ Kh7 27. Qxa7 f3 28. gxf3 Bxh3+ 29. Ke1 Qg1+ 30. Kd2 Qxf2 31. Qe7 Bf5 32. fxe4 Qf4+ 33. Ke1 Bxe4 34. Kd1 Qe3 35. Ke1 Qg1+ 36. Kd2 Qb1 37. Ke3 Bg6 38. Qd7 Qxa2 39. Nd2 Qxb2 40. Bd3 Qd4+ 41. Qxd4 Bxd4+ 0-1

[Event "COL-ch Amateur U1700"]
[Site "Paipa"]
[Date "2020.02.28"]
[Round "4"]
[White "Dabraccio, Guillermo"]
[Black "Acosta, Jaime"]
[Result "1-0"]
[WhiteElo "1643"]
[BlackElo "1442"]
[PlyCount "55"]
[EventDate "2020.02.26"]
[EventType "swiss"]
[EventRounds "9"]
[EventCountry "COL"]
[SourceTitle "EXT 2021"]
[Source "ChessBase"]
[SourceDate "2020.10.23"]
[SourceVersion "1"]
[SourceVersionDate "2020.10.23"]
[SourceQuality "1"]

1. d4 Nf6 2. c4 e5 3. Nf3 exd4 4. Nxd4 Bb4+ 5. Nc3 h6 6. g3 Bxc3+ 7. bxc3 c6 8. Bg2 0-0 9. 0-0 d5 10. Ba3 Re8 11. Qb3 dxc4 12. Qxc4 Qa5 13. Bb4 Qa6 14. Qxa6 Nxa6 15. Nxc6 bxc6 16. Bxc6 Be6 17. Bxa8 Rxa8 18. f3 Bc4 19. Rfe1 Nd5 20. Red1 Re8 21. Rd2 Ndxb4 22. cxb4 Re7 23. a3 f6 24. Kf2 Nc7 25. a4 Kf7 26. b5 Bb3 27. Rb2 Be6 28. a5 1-0

[Event "COL-ch Amateur U1700"]
[Site "Paipa"]
[Date "2020.02.27"]
[Round "2"]
[White "Correa Junco, Alexander"]
[Black "Acosta, Jaime"]
[Result "1/2-1/2"]
[WhiteElo "1635"]
[BlackElo "1442"]
[PlyCount "94"]
[EventDate "2020.02.26"]
[EventType "swiss"]
[EventRounds "9"]
[EventCountry "COL"]
[SourceTitle "EXT 2021"]
[Source "ChessBase"]
[SourceDate "2020.10.23"]
[SourceVersion "1"]
[SourceVersionDate "2020.10.23"]
[SourceQuality "1"]

1. d4 Nf6 2. Nf3 g6 3. Bf4 Bg7 4. e3 d5 5. c3 0-0 6. Be2 c6 7. h3 Nbd7 8. Nbd2 c5 9. a4 b6 10. 0-0 Bb7 11. Qc2 Rc8 12. Bh2 cxd4 13. exd4 Ne4 14. Bd3 Nxd2 15. Qxd2 Nf6 16. Qe2 Ra8 17. Rfe1 e6 18. Be5 Ne8 19. Bxg7 Nxg7 20. Qe3 f6 21. Qh6 Qe8 22. Nh4 f5 23. Re5 Rf6 24. Nf3 Qe7 25. Rae1 Bc8 26. Ng5 Ne8 27. Rxd5 Nc7 28. Rde5 Qg7 29. Qxg7+ Kxg7 30. c4 h6 31. Nf3 Ba6 32. b4 Rd8 33. b5 Bb7 34. d5 exd5 35. Re7+ Rf7 36. Rxf7+ Kxf7 37. Ne5+ Kf6 38. g4 dxc4 39. Bxc4 Rd4 40. Bb3 Re4 41. Rxe4 Bxe4 42. f3 Bb7 43. Nc6 Bxc6 44. bxc6 Ke5 45. Kf2 f4 46. h4 g5 47. hxg5 hxg5 1/2-1/2

[Event "Uniagraria AlphaZero op 2nd"]
[Site "Uniagraria"]
[Date "2019.11.10"]
[Round "4"]
[White "Acosta, Jaime"]
[Black "Lopez, Alberto1111"]
[Result "0-1"]
[WhiteElo "1473"]
[BlackElo "1563"]
[PlyCount "33"]
[EventDate "2019.11.08"]
[EventType "swiss"]
[EventRounds "7"]
[EventCountry "COL"]
[SourceTitle "CBM 193 Extra"]
[Source "ChessBase"]
[SourceDate "2020.01.31"]
[SourceVersion "1"]
[SourceVersionDate "2020.01.31"]
[SourceQuality "1"]

1. e4 c5 2. c4 d6 3. Nc3 Nc6 4. a3 Nf6 5. Nf3 e6 6. d4 cxd4 7. Nxd4 Be7 8. Be2 Bd7 9. Bd2 Rc8 10. 0-0 a6 11. Rc1 0-0 12. b3 Ne5 13. f4 Ng6 14. Bf3 e5 15. fxe5 dxe5 16. Nde2 Qc7 17. Na4 0-1

[Event "Uniagraria AlphaZero op 2nd"]
[Site "Uniagraria"]
[Date "2019.11.09"]
[Round "3"]
[White "Acosta, Jaime"]
[Black "Rivera, Andres"]
[Result "0-1"]
[WhiteElo "1473"]
[BlackElo "1600"]
[PlyCount "62"]
[EventDate "2019.11.08"]
[EventType "swiss"]
[EventRounds "7"]
[EventCountry "COL"]
[SourceTitle "CBM 193 Extra"]
[Source "ChessBase"]
[SourceDate "2020.01.31"]
[SourceVersion "1"]
[SourceVersionDate "2020.01.31"]
[SourceQuality "1"]

1. d4 f5 2. Bf4 e6 3. Nf3 Nf6 4. h3 Nc6 5. c3 Be7 6. e3 b6 7. Be2 Bb7 8. Nbd2 0-0 9. Qc2 a5 10. 0-0-0 a4 11. a3 Na5 12. Qxa4 Bd5 13. c4 Nxc4 14. Qc2 Nxa3 15. bxa3 Rxa3 16. Nc4 Ra1+ 17. Kb2 Be4 18. Qc3 Ra4 19. Ra1 Nd5 20. Rxa4 Nxc3 21. Kxc3 b5 22. Ra7 bxc4 23. Bxc7 Qc8 24. Rha1 Bd8 25. Bxd8 Rxd8 26. R1a4 Qb8 27. Ra3 Qb1 28. Ra2 Qb3+ 29. Kd2 c3+ 30. Ke1 c2 31. Ra1 Qb1+ 0-1

[Event "Bogota Mentes op"]
[Site "Bogota"]
[Date "2019.09.17"]
[Round "2"]
[White "Gonzalez Mojica, Renan Arturo"]
[Black "Acosta, Jaime"]
[Result "1-0"]
[WhiteElo "1298"]
[BlackElo "1590"]
[PlyCount "93"]
[EventDate "2019.09.16"]
[EventType "swiss"]
[EventRounds "5"]
[EventCountry "COL"]
[SourceTitle "CBM 192 Extra"]
[Source "Chessbase"]
[SourceDate "2019.11.06"]
[SourceVersion "1"]
[SourceVersionDate "2019.11.06"]
[SourceQuality "1"]

1. c4 e5 2. g3 Nc6 3. Bg2 f5 4. e3 Nf6 5. Ne2 g6 6. 0-0 Bg7 7. Nbc3 0-0 8. d4 e4 9. b3 a6 10. d5 Ne5 11. Ba3 d6 12. Nd4 Re8 13. Nce2 Nd3 14. Nc1 Nxc1 15. Rxc1 Ng4 16. Ne2 Ne5 17. Rb1 b6 18. Bb2 a5 19. Bxe5 Bxe5 20. Nd4 Bd7 21. a4 Rc8 22. Re1 Bg7 23. b4 axb4 24. Rxb4 Bxd4 25. Qxd4 Ra8 26. Ra1 Ra5 27. Qc3 Qe7 28. Ra3 Rea8 29. Qa1 Qe8 30. Qf6 Bxa4 31. f3 exf3 32. Bxf3 Bd7 33. Rab3 Ra1+ 34. Kf2 R8a2+ 35. Rb2 Ra3 36. R4b3 Rxb3 37. Rxb3 Qa8 38. Rb2 Ra2 39. Rxa2 Qxa2+ 40. Be2 Qa8 41. Qe7 Qe8 42. Qf6 Ba4 43. Bd3 Qf7 44. Qd8+ Kg7 45. Qa8 Bd1 46. Qa1+ Qf6 47. Qxd1 1-0

[Event "Gachantiva op 9th"]
[Site "Gachantiva"]
[Date "2019.06.22"]
[Round "3"]
[White "Acosta, Jaime"]
[Black "Murillo, Duber1111"]
[Result "0-1"]
[WhiteElo "1590"]
[BlackElo "1906"]
[PlyCount "82"]
[EventDate "2019.06.21"]
[EventType "swiss"]
[EventRounds "7"]
[EventCountry "COL"]
[SourceTitle "CBM 191 Extra"]
[Source "ChessBase"]
[SourceDate "2019.09.30"]
[SourceVersion "1"]
[SourceVersionDate "2019.09.30"]
[SourceQuality "1"]

1. e4 c5 2. c4 d6 3. Nc3 g6 4. h3 Bg7 5. Nf3 e6 6. d4 cxd4 7. Nxd4 a6 8. Be2 Nc6 9. Nxc6 bxc6 10. 0-0 Ne7 11. Be3 0-0 12. Rb1 Qc7 13. Na4 Rb8 14. b3 d5 15. exd5 cxd5 16. cxd5 Nxd5 17. Bc5 Rd8 18. Qc1 Nc3 19. Nxc3 Qxc5 20. Na4 Qxc1 21. Rfxc1 Rd2 22. Bc4 Bd4 23. Rf1 Rxa2 24. Rbd1 e5 25. Rd3 Bb7 26. Nc3 Rb2 27. Na4 Rc2 28. Rg3 a5 29. h4 Bc6 30. Bd3 Rd2 31. Bc4 Rb4 32. h5 Rxc4 33. bxc4 Bxa4 34. hxg6 hxg6 35. Ra3 Bd1 36. Rxa5 Be2 37. Ra8+ Kg7 38. Rc1 Bd3 39. c5 Rxf2 40. Kh1 Be4 41. c6 Rxg2 0-1

[Event "Tunja Boyacense op"]
[Site "Tunja"]
[Date "2018.12.14"]
[Round "3"]
[White "Pereira Vera, Henry Alberto"]
[Black "Acosta, Jaime"]
[Result "1-0"]
[WhiteElo "1865"]
[BlackElo "1602"]
[PlyCount "31"]
[EventDate "2018.12.13"]
[EventType "swiss"]
[EventRounds "7"]
[EventCountry "COL"]
[SourceTitle "CBM 187 Extra"]
[Source "ChessBase"]
[SourceDate "2018.11.04"]
[SourceVersion "1"]
[SourceVersionDate "2018.11.04"]
[SourceQuality "1"]

1. b3 e5 2. Bb2 Nc6 3. c4 d6 4. e3 Nf6 5. d3 Be6 6. a3 a5 7. Qc2 Bf5 8. Nd2 Be7 9. Ngf3 Nd7 10. Be2 Bf6 11. 0-0 g5 12. Rfd1 h5 13. Ne4 g4 14. Ne1 Bg7 15. d4 h4 16. Nxd6+ 1-0

[Event "COL-ch"]
[Site "Bogota"]
[Date "2018.11.08"]
[Round "4"]
[White "Acosta, Jaime"]
[Black "Castaneda, Victor"]
[Result "0-1"]
[WhiteElo "1605"]
[BlackElo "1836"]
[PlyCount "116"]
[EventDate "2018.11.06"]
[EventType "swiss"]
[EventRounds "9"]
[EventCountry "COL"]
[SourceTitle "CBM 187 Extra"]
[Source "ChessBase"]
[SourceDate "2018.11.04"]
[SourceVersion "1"]
[SourceVersionDate "2018.11.04"]
[SourceQuality "1"]

1. d4 e6 2. Bf4 Nf6 3. h3 b6 4. Nf3 Bb7 5. e3 Be7 6. Be2 0-0 7. 0-0 d6 8. Nbd2 Nbd7 9. c3 Nd5 10. Bh2 f5 11. a3 N5f6 12. Ng5 Nc5 13. dxc5 Qd7 14. cxd6 cxd6 15. Ngf3 h6 16. Nc4 Bd5 17. Ncd2 Rac8 18. c4 Ba8 19. b4 Rfd8 20. Qb3 Kh7 21. Ne1 e5 22. Rd1 g5 23. Ndf3 Qe6 24. Qb1 Kh8 25. Nd2 Rg8 26. f3 Rg7 27. e4 f4 28. Kf2 h5 29. Rh1 Bc6 30. b5 Be8 31. a4 Bf7 32. Nb3 Qd7 33. Rc1 Rc7 34. Qd3 Qc8 35. Nd2 Bg6 36. Qb3 d5 37. Qb2 Bc5+ 38. Kf1 Bd4 39. Qa2 dxe4 40. Nxe4 Nxe4 41. fxe4 Bxe4 42. Bxh5 Be3 43. Bg4 Qd8 44. Rd1 Qe7 45. Qe2 Bh7 46. Bg1 Bxg1 47. Kxg1 Bg8 48. Nf3 e4 49. Nd4 Bxc4 50. Qb2 Qc5 51. Kh2 Qe5 52. Qb4 f3+ 53. g3 Rc5 54. Nf5 e3 55. Rd8+ Bg8 56. Nxg7 Rc2+ 57. Rd2 Rxd2+ 58. Qxd2 exd2 0-1

[Event "COL-ch sf 2nd"]
[Site "Tunja"]
[Date "2018.04.21"]
[Round "8"]
[White "Prado, Leonardo"]
[Black "Acosta, Jaime"]
[Result "1-0"]
[WhiteElo "2097"]
[BlackElo "1645"]
[PlyCount "107"]
[EventDate "2018.04.17"]
[EventType "swiss"]
[EventRounds "10"]
[EventCountry "COL"]
[SourceTitle "CBM 184 Extra"]
[Source "ChessBase"]
[SourceDate "2018.06.28"]
[SourceVersion "1"]
[SourceVersionDate "2018.06.28"]
[SourceQuality "1"]

1. e4 e5 2. Nf3 Nf6 3. d3 d6 4. g3 Nc6 5. Bg2 Be6 6. 0-0 Qd7 7. Re1 h6 8. c3 Bh3 9. Bh1 Bg4 10. Nbd2 Be7 11. Qb3 Rb8 12. Nf1 0-0 13. Ne3 Bh3 14. Nh4 Be6 15. Qc2 d5 16. Nef5 dxe4 17. dxe4 Bc5 18. b4 Bb6 19. b5 Ne7 20. Ba3 Nxf5 21. exf5 Bc4 22. Bxf8 Kxf8 23. h3 Qxb5 24. a4 Qc5 25. g4 c6 26. Ng2 e4 27. Ne3 Bd3 28. Qb2 Bc7 29. Qa3 Qxa3 30. Rxa3 Be5 31. Bg2 Bd6 32. Rb3 Nd5 33. Nxd5 cxd5 34. Bf1 Bc2 35. Rb5 Bxa4 36. Rxd5 Bc7 37. Bb5 Bc2 38. Re2 Bb3 39. Rd7 a6 40. Rb2 axb5 41. Rxb3 Be5 42. Rxb5 Bxc3 43. Rbxb7 Rxb7 44. Rxb7 f6 45. Kf1 Be5 46. Ke2 Bf4 47. Rb4 Be5 48. Rxe4 Kf7 49. Rb4 Bc3 50. Rb7+ Kf8 51. Kd3 Be1 52. f3 Bg3 53. Kc4 Bf4 54. Kd5 1-0

[Event "COL-ch sf 2nd"]
[Site "Tunja"]
[Date "2018.04.18"]
[Round "2"]
[White "Acosta, Jaime"]
[Black "Moncada, Duvan Andres"]
[Result "0-1"]
[WhiteElo "1645"]
[BlackElo "1595"]
[PlyCount "102"]
[EventDate "2018.04.17"]
[EventType "swiss"]
[EventRounds "10"]
[EventCountry "COL"]
[SourceTitle "CBM 184 Extra"]
[Source "ChessBase"]
[SourceDate "2018.06.28"]
[SourceVersion "1"]
[SourceVersionDate "2018.06.28"]
[SourceQuality "1"]

1. d4 d5 2. Bf4 Nf6 3. Nf3 b6 4. e3 Bb7 5. Bd3 c5 6. c3 e6 7. 0-0 Bd6 8. Nbd2 0-0 9. Ne5 Nc6 10. Ndf3 Qc7 11. Re1 Nd7 12. Nxd7 Qxd7 13. Qc2 g6 14. Bh6 Rfe8 15. Qe2 e5 16. dxe5 Bxe5 17. Ba6 Rad8 18. Bxb7 Qxb7 19. Nxe5 Rxe5 20. Bf4 Re6 21. Qc2 Rde8 22. Rad1 d4 23. cxd4 Nxd4 24. Qc3 Nf5 25. Qd3 Nh4 26. f3 Nf5 27. e4 b5 28. Kf1 Nd4 29. Qc3 Rc6 30. b4 Ne6 31. Bh6 cxb4 32. Qxb4 Rec8 33. Rd5 a6 34. Qa5 Qb8 35. Red1 Qb6 36. Qxb6 Rxb6 37. Be3 Rbc6 38. f4 Kf8 39. f5 Nc5 40. Bh6+ Ke7 41. fxg6 hxg6 42. e5 Ne4 43. Rd7+ Ke6 44. Bf4 Nc3 45. R1d2 Nxa2 46. Rxa2 Kxd7 47. Rd2+ Ke6 48. g3 Rc1+ 49. Ke2 R1c2 50. Kd3 Rxd2+ 51. Kxd2 b4 0-1

[Event "Tunja Liga Boyaca"]
[Site "Tunja"]
[Date "2017.12.17"]
[Round "7.13"]
[White "Acosta, Jaime"]
[Black "Vargas, Mauricio"]
[Result "0-1"]
[WhiteElo "1655"]
[BlackElo "2198"]
[PlyCount "70"]
[EventDate "2017.12.14"]
[EventType "swiss"]
[EventRounds "7"]
[EventCountry "COL"]
[SourceTitle "EXT 2024"]
[Source "ChessBase"]
[SourceDate "2023.10.10"]
[SourceVersion "1"]
[SourceVersionDate "2023.10.10"]
[SourceQuality "1"]

1. d4 Nf6 2. Nc3 g6 3. Bf4 Bg7 4. e3 h6 5. h3 b6 6. Be2 Bb7 7. Bf3 Bxf3 8. Nxf3 Nh5 9. Bh2 d5 10. 0-0 0-0 11. Qd2 c5 12. dxc5 bxc5 13. Rfd1 d4 14. exd4 cxd4 15. Nxd4 Bxd4 16. Qxd4 Qxd4 17. Rxd4 Nc6 18. Rd7 e6 19. Ne4 Rac8 20. Rd4 Nxd4 21. c3 Ne2+ 22. Kf1 Nef4 23. Bxf4 Nxf4 24. Rd1 Nd5 25. Rxd5 exd5 26. Nf6+ Kg7 27. Nxd5 Rfd8 28. Nb4 Rd1+ 29. Ke2 Rcd8 30. Ke3 Rb8 31. Nc6 Rxb2 32. Nxa7 Rxa2 33. Kf4 Rc2 34. Kg4 Rxc3 35. Kh4 Rd4+ 0-1

[Event "Tunja Liga Boyaca"]
[Site "Tunja"]
[Date "2017.12.16"]
[Round "4.18"]
[White "Rojas Castillo, Leibnitz Edison"]
[Black "Acosta, Jaime"]
[Result "1/2-1/2"]
[WhiteElo "1900"]
[BlackElo "1655"]
[PlyCount "34"]
[EventDate "2017.12.14"]
[EventType "swiss"]
[EventRounds "7"]
[EventCountry "COL"]
[SourceTitle "EXT 2024"]
[Source "ChessBase"]
[SourceDate "2023.10.10"]
[SourceVersion "1"]
[SourceVersionDate "2023.10.10"]
[SourceQuality "1"]

1. d4 Nf6 2. c4 e5 3. Nf3 Bb4+ 4. Bd2 Bxd2+ 5. Nbxd2 exd4 6. Nxd4 d6 7. e3 0-0 8. Be2 Bd7 9. 0-0 Nc6 10. Bf3 Nxd4 11. exd4 Rb8 12. Re1 Re8 13. Qc2 Bg4 14. h3 Bxf3 15. Nxf3 Qd7 16. Rad1 Rxe1+ 17. Rxe1 Re8 1/2-1/2

[Event "Bogota Region-ch Amateur U2300"]
[Site "Bogota"]
[Date "2017.02.18"]
[Round "4.10"]
[White "Bejarano, Danny Andres"]
[Black "Acosta, Jaime"]
[Result "1-0"]
[WhiteElo "2042"]
[BlackElo "1667"]
[PlyCount "39"]
[EventDate "2017.02.17"]
[EventType "swiss"]
[EventRounds "6"]
[EventCountry "COL"]
[SourceTitle "EXT 2024"]
[Source "ChessBase"]
[SourceDate "2023.10.10"]
[SourceVersion "1"]
[SourceVersionDate "2023.10.10"]
[SourceQuality "1"]

1. e4 c5 2. d4 cxd4 3. c3 d3 4. Bxd3 d6 5. Nf3 Nc6 6. Bc4 e6 7. 0-0 Be7 8. Nd4 Nxd4 9. cxd4 Bd7 10. f4 Bf6 11. Nc3 Rc8 12. Bb3 a6 13. f5 Ne7 14. fxe6 fxe6 15. Ne2 b5 16. Nf4 Nc6 17. Qh5+ Ke7 18. d5 Nd4 19. dxe6 Nxb3 20. Qf7# 1-0

[Event "COL pre olympic sf"]
[Site "Bogota"]
[Date "2016.05.29"]
[Round "7"]
[White "Gomez Boada, Alfredo"]
[Black "Acosta, Jaime"]
[Result "1/2-1/2"]
[WhiteElo "1646"]
[BlackElo "1623"]
[PlyCount "52"]
[EventDate "2016.05.25"]
[EventType "swiss"]
[EventRounds "9"]
[EventCountry "COL"]
[SourceTitle "CBM 172 Extra"]
[Source "ChessBase"]
[SourceDate "2016.06.21"]
[SourceVersion "1"]
[SourceVersionDate "2016.06.21"]
[SourceQuality "1"]

1. e4 d5 2. e5 c5 3. c3 e6 4. d4 Nc6 5. a3 cxd4 6. cxd4 Qc7 7. Nc3 a6 8. Be3 Na5 9. Rc1 Nc6 10. Bd3 Bd7 11. f4 Rc8 12. Qg4 f5 13. Qh3 Nh6 14. Nge2 Ng4 15. Bd2 b5 16. Qf3 Qb6 17. h3 Nh6 18. Be3 Na5 19. Rc2 b4 20. Na4 Qb7 21. Rxc8+ Qxc8 22. Nb6 Qb7 23. Nxd7 Kxd7 24. 0-0 bxa3 25. bxa3 Bxa3 26. Rb1 Qc6 1/2-1/2